000 02489nam a22003377a 4500
999 _c21759
_d21759
003 AR-CdUCM
008 190425b ||||| |||| 00| 0 spa d
040 _aMUNICIPALIDAD PROVINCIAL DEL CUSCO
_cBIBLIOTECA MUNICIPAL DEL CUSCO
082 _aRev.Univ/N°105/1953
110 _aUniversidad Nacional de San Antonio Abad del Cusco
_915942
245 _aRevista Universitaria :
_bÓrgano de la Universidad del Cuzco /
260 _aCusco :
_bH.G. Rozas,
_c1953.
300 _a424 páginas. :
_c20 cm.
440 _aRevista Universitaria
_nAño XLII, 2° semestre 1953, N°105.
_945992
505 _aContenido: Cuestiones internacionales. Luis Felipe Paredes. -- Papeles referentes a la revolución de 1814. Jorge Cornejo Bouroncle. -- Significado sentido y efecto de nuestra gesta emancipadora. Carlos Núñez Anavitarte. -- Edad de las calizas de la formación Yuncaypata. Carlos Kalafatovich. -- La responsabilidad de la educación en el mundo actual. Antonio Astete Abrill. -- El pensamiento científico natural natural en el Perú afines del siglo XVIII. Juan Lastres. -- Función económica de los caminos en la región del Cuzco. Octavio Linares Alencastre. -- El Dr. Ralph Steele Boggs y su clasificación del folklore. Efraín Morote Best. -- La interpretación económica de la historia. Cesar Augusto Reinaga. -- Tendencia y ritmo de la delincuencia en el Cuzco. Gustavo Núñez del Prado. -- Una ronda botánica a las cabeceras del valle de Lares. Felipe Marín Moreno. -- Análisis del Cosinga Metardaris del Cuzco. Ernesto Montesinos V. -- Paruro un sierra típica. Mario Escobar Moscoso. -- Breve informe sobre la energía atómica y sus aplicaciones pacíficas. Hans Rothgiesser. -- Colección de autores cuzqueños. Clorinda Matto de Turner. Tradiciones cuzqueñas, leyendas, biografías y hojas sueltas, primera parte.
650 _aLevantamientos andinos
_944095
650 _aGeología cusqueña
_945993
650 _aEconomía cusqueña
_99131
650 _aBotánica cusqueña
_945807
650 _aClorinda Matto de Turner
_929945
650 _aTradiciones cusqueñas
_931110
700 _aCornejo Bouroncle, Jorge
_915278
700 _aAstete Abrill, Antonio
_932447
700 _aNúñez del Prado, Gustavo
_924114
700 _aKalafatovich, Carlos
_945994
700 _aMorote Best, Efraín
_945995
700 _aEscobar Moscoso, Mario
_931091
710 _aUniversidad Nacional de San Antonio Abad del Cusco
_915942
942 _2ddc
_cPP
945 _arac